Estadísticas para Personalidades fotografiadas con Felipe VI

Haz click aquí para intentar la prueba.

Estadísticas generales

  • Esta prueba ha sido intentada 1.820 veces
  • La puntuación promedio es 14 de 16

Estadísticas de respuestas

Respuesta% Correcto
Barack Obama
99%
Isabel II
98%
Leo Messi
98%
Francisco
95%
Rafa Nadal
94%
Shakira
92%
Pedro Sanchez
91%
Mariano Rajoy
88%
Juan Carlos I
87%
Angela Merkel
84%
Javier Milei
83%
Emmanuel Macron
82%
Letizia Ortiz
78%
Francisco Franco
74%
Antonio Banderas
67%
Xi Jinping
56%

Distribución de puntuación

Porcentaje por número respondido

Porcentaje de gente con cada puntuación

Historial de tus puntuaciones

No has intentado esta prueba.